Music Quiz

Random Music or Lyrics Quiz

Taylor Swift - Katy Perry - Madonna Quiz Stats

 Plays Quiz not verified by Sporcle

Score 0/15 Timer 05:00
0 Plays Today
% Correct
Love Story
86.8%
You Belong With Me
84.3%
Shake it Off
78.3%
Blank Space
76.6%
Roar
76.5%
Dark Horse
62.6%
Wide Awake
57.6%
La Isla Bonita
56.5%
% Correct
Teardrops On My Guitar
51.9%
Material Girl
49.4%
Part of Me
46.3%
Lucky Star
42.2%
Unconditionally
38.3%
Express Yourself
34.8%
Open Your Heart
29.2%

You're not logged in!

Compare scores with friends on all Sporcle quizzes.
OR
Log In

Show Comments

Extras

Top Quizzes Today


Score Distribution

Your Account Isn't Verified!

In order to create a playlist on Sporcle, you need to verify the email address you used during registration. Go to your Sporcle Settings to finish the process.

Report this User

Report this user for behavior that violates our Community Guidelines.

Details: